| 000 | 00521nam a2200181Ia 4500 | ||
|---|---|---|---|
| 003 | GCL | ||
| 008 | 140319s9999 xx 000 0 eng d | ||
| 040 |
_aGCL / _cGCL |
||
| 082 | 0 | 4 |
_a025.06 _bF I |
| 100 | 1 | _aFARREL, PAUL. B | |
| 245 | 1 | 0 |
_aINVESTOR'S GUIDE TO THE NET: MAKING MONEY ON LINE / _cFARREL, PAUL. B |
| 260 |
_a[S.N] : _bJOHN WILEY AND SONS. INC ، _c1996 |
||
| 300 | _a386 P | ||
| 650 | 0 | 4 | _aINFORMATION RETRIEVEL SYSTEM |
| 650 | 0 | 4 | _aINVESTMENTS - DATA PROCESSING |
| 650 | 0 | 4 | _aINTERNET |
| 942 |
_2ddc _cBK |
||
| 999 |
_c13142 _d13142 |
||